| 000 | 01420nam a2200229Ia 4500 | ||
|---|---|---|---|
| 003 | Ost | ||
| 005 | 20260507074846.0 | ||
| 008 | 260507s9999||||xx |||||||||||||| ||und|| | ||
| 020 | _a9789931606840 | ||
| 040 | _cfsecg | ||
| 041 | _aara | ||
| 082 | _a368.4 | ||
| 100 |
_aمحديد، مليكة _eمؤلف |
||
| 245 | 0 |
_a الآليات الجديدة للتقاعد في ظل التحولات الإقتصادية الراهنة / _c مليكة محديد |
|
| 260 |
_aتلمسان: _bالمكتب الجامعي الحديث, _c2017 |
||
| 300 |
_a335 صفحة؛ _bإيضاحات ؛ _c24 سم |
||
| 504 | _aببليوغرافيا: ص.326-335 الملاحق ص.293 | ||
| 520 | _aيضم مدخل للتأمين واقتصاديات التأمين الجامعي، دراسة نظام الضمان الاجتماعي والتقاعد في الجزائر، النظام الاقتصادي وآثاره على منظومة التقاعد في الجزائر، تطور نظام التقاعد في الشركة الوطنية للتأمينات من اقتصاد مركزي إلى اقتصاد السوق، الآليات الجديدة المكملة للتقاعد في الجزائر، اصلاح وأفاق نظام التقاعد في الشركة الوطنية للتأميناتSAA | ||
| 653 | _aالتأمين الإجتماعي- الجزائر | ||
| 653 | _aشركات التأمين | ||
| 942 | _cكتاب | ||
| 999 |
_c41537 _d41537 |
||